000 00752cam a2200229 4500
001 WB3607-20
008 000000n2000 000 0 eng u
035 _a(Sirsi) u104185
245 _aNorth's homes hot spots show big price rises
260 _c2000
490 _aFinancial Times
_v 11 February 2000, 6(1)
520 _aPredicts that house prices could rise more quickly in the North of England than in the accepted property "hot spots" such as London and the south-east.
590 _aWB
650 _aLONDON
650 _aFORECASTS
650 _aHOUSE PRICES
650 _aINCREASES
650 _aSOUTH-EAST ENGLAND
650 _aNORTH OF ENGLAND
690 _aPROPERTY-RESIDENTIAL PROPERTY-RESIDENTIAL PROPERTY MARKET
942 _n0
999 _c62524
_d62524